000 01318 a2200205 4500
003 Nust
005 20230201114141.0
010 _a58007388
040 _cNust
082 _a808.83,LED
100 _aLederer, William J.,
_9108343
245 _aThe ugly American /
_cWilliam J. Lederer and Eugene Burdick
250 _a1st ed
260 _aNew York
_bNorton
_c1958
300 _a285 p
_b22 cm
505 _aA Note From the Authors (Page-7), Lucky (Page-11), Lucky Lou no. 2 (Page-33), Nine Friends (Page-43), Everybody Loves Joe Bing (Page-66), Confidential and Personal (Page-74), Employment Opportunities Abroad (Page-77), The Girl Who Got Recruited (Page-83),The Ambassador And The Working Press (Page-87), Everyone his Ears (Page-93), The Ragtime Kid (Page-110), The Iron of War (Page-115), The Iron of War (Page-132), The Lessons of War (Page-132), How to Would You Do If you ere President ?(Page-144), How to Buy an American Junior Grade (Page-155), The Six – Foot Swami From Savannah (Page-174), Captain Boning, USN (Page-191),The Ugly American (Page-205), The Bent Back of Chang Dong (Page-232), Senator Sir (Page-239), The Sum of Tiny Things (Page-264), A Factual Epilogue (Page-271).
600 _aLederer, William J.,
_9108343
650 _aThe ugly American
_9108344
942 _2ddc
_cBK
_k808.83,LED
999 _c186371
_d186371